000 00770nas a2200241 a 4500
001 000660662
003 AM-YeHGA
005 20250617141549.0
008 090523c19009999ru mr p 0 0rus d
040 _aAM-YeHGA
041 0 _arus
222 0 _aЖизнь
245 0 0 _aЖизнь :
_bЛитературный, научный и политический журнал.
260 _aСанкт-Петербург :
_bБ. и.,
_c1900-.
300 _aномер.
310 _aежемесячный
362 _a1900-
650 0 4 _aԱմսագիր
650 1 4 _aЛитература
_vПериодические издания
650 1 4 _aНаука и политика
_vПериодические издания
942 _2udc
_cCR
090 _c242635
999 _c241057
_d241057